| 000 | 00517nam a22001697a 4500 | ||
|---|---|---|---|
| 999 |
_c512709 _d512709 |
||
| 008 | 191210b ||||| |||| 00| 0 eng d | ||
| 100 |
_aBassetto, Marco _914426 |
||
| 245 | _aIs inflation default? the role of information in debt crises | ||
| 260 | _bAmerican Economic Review | ||
| 300 | _a109(10): Oct, 2019: p.3556-3584. | ||
| 650 |
_aInformation _914427 |
||
| 650 |
_aExternal debt _914428 |
||
| 700 |
_aGalli, Carlo _914429 |
||
| 773 | _aAmerican Economic Review | ||
| 906 | _aInflation | ||
| 942 |
_2ddc _cAR |
||